Les Agendes del tinent Blasi (1939-1942) /
ISBN:
9788418601576
Descripción Física:
365 pàgines : il·lustracions, facsímils ; 22 cm
Colección:
Memòries (Memorial Democràtic (Catalunya))
; 6
Otros Autores:
Domènech i Casadevall, Gemma, 1970-
,
Nadal i Farreras, Joaquim, 1948-
,
Serrano, Miquel
Materias:
Blasi Boher, Alexandre, -- 1910-1989 -- Diaris íntims.
; Blasi Boher, Alexandre, -- 1910-1989
; Guerra Civil Espanyola, 1936-1939
; Exili
; Exiliats -- França -- Història -- S. XX.
; Catalunya -- Història -- 1936-1939, Guerra Civil -- Relats personals.
; Catalunya -- Història -- 1936-1939, Guerra Civil -- Refugiats -- Fonts.
; Catalunya
; Memòries
Idioma:
Catalán
MARC
| LEADER | 00000pam a2200000 i 4500 | ||
|---|---|---|---|
| 001 | 24983 | ||
| 005 | 20260324180722.0 | ||
| 008 | 210520e202106 spc|||| ||||o0|0 0dcat| | ||
| 015 | |a LL2021 |2 bnc | ||
| 017 | |a DL B 9910-2021 |b Biblioteca de Catalunya | ||
| 020 | |a 9788418601576 | ||
| 035 | |a (ES-BaCBU)b75428611-34csuc_network | ||
| 035 | |a (ES-BaCBU).b75428611 | ||
| 035 | |a (ccuc001)b75428611 | ||
| 040 | |a ES-BaBC |b cat |e rda |c ES-BaBC |d ES-BaBPC | ||
| 043 | |a e-sp--- |b e-spc-- |2 catmarc |a e-fr--- | ||
| 080 | |a 929Blasi Boher, Alexandre |x (0:82-94) |2 2004 | ||
| 080 | |a 94 |x (460.23) |x "1936/1939" |x (093.3) |2 2004 | ||
| 080 | |a 305 |x -054.73 |x (44) |x "19" |x (093) |2 2004 | ||
| 100 | 1 | |a Blasi Boher, Alexandre, |d 1910-1989 |e autor | |
| 245 | 1 | 4 | |a Les Agendes del tinent Blasi (1939-1942) / |c Alexandre Blasi Boher ; editors: Gemma Domènech i Casadevall, Joaquim Nadal i Farreras, Miquel Serrano Jiménez ; edició de textos: Miquel Serrano Jiménez ; transcripció de textos: Alexandre Blasi Damer, Miquel Serrano Jiménez |
| 250 | |a Primera edició | ||
| 264 | 1 | |a Barcelona: |b Generalitat de Catalunya, Memorial Democràtic de Catalunya, |c juny de 2021 | |
| 300 | |a 365 pàgines : |b il·lustracions, facsímils ; |c 22 cm | ||
| 336 | |a text |b txt |2 rdacontent | ||
| 337 | |a sense mediació |b n |2 rdamedia | ||
| 338 | |a volum |b nc |2 rdacarrier | ||
| 490 | 1 | |a Col·lecció Memòries ; |v 6 | |
| 504 | |a Bibliografia | ||
| 600 | 1 | 7 | |a Blasi Boher, Alexandre, |d 1910-1989 |v Diaris íntims. |2 lemac |
| 600 | 1 | 7 | |a Blasi Boher, Alexandre, |d 1910-1989 |2 cantic |
| 650 | 7 | |a Guerra Civil Espanyola, 1936-1939 |2 thub | |
| 650 | 7 | |a Exili |2 thub | |
| 650 | 7 | |a Exiliats |z França |x Història |y S. XX. |2 lemac | |
| 651 | 7 | |a Catalunya |x Història |y 1936-1939, Guerra Civil |v Relats personals. |2 lemac |9 55642 | |
| 651 | 7 | |a Catalunya |x Història |y 1936-1939, Guerra Civil |x Refugiats |x Fonts. |2 lemac | |
| 651 | 7 | |a Catalunya |2 thub |9 51009 | |
| 655 | 7 | |a Memòries |2 thub | |
| 700 | 1 | |a Domènech i Casadevall, Gemma, |d 1970- |e editor literari | |
| 700 | 1 | |a Nadal i Farreras, Joaquim, |d 1948- |e editor literari |9 1960 | |
| 700 | 1 | |a Serrano, Miquel, |e editor literari | |
| 710 | 2 | |a Memorial Democràtic (Catalunya) |9 52410 | |
| 830 | 0 | |a Memòries (Memorial Democràtic (Catalunya)) ; |v 6 | |
| 907 | |a .b75428611 |b 18-06-21 |c 20-05-21 |d 20-05-21 |e m |f a |g - |h cat |i spc |j 0 |k 0 | ||
| 908 | |a BC |a BPC |a BAB |a BMON |a CLR |a ICAB |a ANC |a UB |a UAB |a URV |a UdG | ||
| 940 | |a BC | ||
| 942 | |c ARXIU |n 1 | ||
| 952 | |0 0 |1 0 |2 udc |4 0 |6 BIB320 |7 1 |9 60800 |a Arxiu |b Arxiu |d 2021-11-15 |l 0 |o Bib-320 |p 24983 |r 2021-11-15 00:00:00 |w 2021-11-15 |y ARXIU | ||
| 999 | |c 80932 |d 80932 | ||